| 000 | 00652nam a22002297a 4500 | ||
|---|---|---|---|
| 003 | OSt | ||
| 005 | 20150414145404.0 | ||
| 008 | 150414b xxu||||| |||| 00| 0 eng d | ||
| 020 | _a1841101141 | ||
| 040 | _cDNLM | ||
| 082 | _aWO 275 F963p 2003 | ||
| 245 |
_aFundamentals of Anaesthesia / _cEdited by Colin Pinnock, Lin Ted, Tim Smith |
||
| 250 | _a2nd ed. | ||
| 260 |
_aLondon : _bGMM ; _c2003. |
||
| 300 |
_axix, 963 p: _bcol.ill _c27 cm. |
||
| 504 | _aIncludes references and index | ||
| 650 |
_aAnaesthesia _9333 |
||
| 700 |
_4Editor _aPinnock Colin _93797 |
||
| 700 |
_4Editor _aLin Ted _93798 |
||
| 700 | _4Editor Smith Tim | ||
| 942 |
_2z _cSLOAN |
||
| 999 |
_c1437 _d1437 |
||